| 000 | 00484nam a2200169Ia 4500 | ||
|---|---|---|---|
| 008 | 240729s9999 xx 000 0 und d | ||
| 022 | _a2582-1024 | ||
| 245 | 0 | _aJournal of South Asian Association of Pediatric Dentistry | |
| 260 | _aIndia | ||
| 260 | _bJaypee Brothers Medical Publisher | ||
| 650 | _a Dentistry | Medicine | ||
| 650 | _a Pediatrics | ||
| 650 | _aMedicine | ||
| 856 | _uhttps://doaj.org/toc/c657e572e4014482a344f45067170950 | ||
| 942 | _2ddc | ||
| 942 | _cDOAJEJ | ||
| 999 |
_c67930 _d67930 |
||
| 945 |
_a1 _bMadushi Gamage _c1 _dMadushi Gamage |
||